[Event "C.to Europeo U14"]
[Site "Kallithea GRE"]
[Date "2000.10.03"]
[Round "2"]
[White "Frontali, Jacopo"]
[Black "Gashimov, Vugar"]
[Result "0-1"]
[WhiteElo "1732"]
[BlackElo "2407"]
[PlyCount "116"]
[EventDate "2000.10.02"]

1. e4 c5 2. Nf3 d6 3. d4 cxd4 4. Nxd4 Nf6 5. Nc3 a6 6. Be2 e6 7. O-O b5 8. a3
Bb7 9. Bf3 Qc7 10. g3 Be7 11. Bg2 O-O 12. Kh1 Re8 13. Be3 Bf8 14. h3 Nbd7 15.
Nb3 Rad8 16. Qd2 h6 17. f4 Nb6 18. Na5 Nc4 19. Nxc4 Qxc4 20. Qd3 Qc8 21. Bb6
Rd7 22. Rad1 Qa8 23. Qe2 Rc8 24. Bd4 Be7 25. Bxf6 Bxf6 26. e5 Bxg2+ 27. Qxg2
Qxg2+ 28. Kxg2 Be7 29. exd6 Rxd6 30. Rxd6 Bxd6 31. Rf3 Be7 32. Kf1 a5 33. Nxb5
Rxc2 34. Rf2 Rc1+ 35. Kg2 Bf6 36. Nd6 a4 37. Rd2 g6 38. Ne4 Bg7 39. Rd8+ Kh7
40. Rd7 Rc2+ 41. Kf3 Rxb2 42. Rxf7 Rb3+ 43. Ke2 Kg8 44. Ra7 Rxa3 45. Ra8+ Bf8
46. Nc5 Kf7 47. Ra7+ Be7 48. Nxa4 Rxg3 49. Nb6 Kf6 50. Nd7+ Kf5 51. Ne5 Bd6 52.
Nf7 Bxf4 53. h4 Rh3 54. Nd8 e5 55. Rf7+ Ke4 56. Rf6 Rh2+ 57. Kd1 Rd2+ 58. Ke1
Rxd8 0-1

[Event "C.to Europeo U14"]
[Site "Kallithea GRE"]
[Date "2000.10.03"]
[Round "2"]
[White "Krysztofiak, Marcin"]
[Black "Pulito, Alberto"]
[Result "1/2-1/2"]
[WhiteElo "2230"]
[BlackElo "2086"]
[PlyCount "73"]
[EventDate "2000.10.02"]

1. d4 d5 2. Nf3 Nf6 3. Bf4 Bf5 4. e3 Nbd7 5. c4 c6 6. Nc3 e6 7. Qb3 Qb6 8. c5
Qxb3 9. axb3 a6 10. b4 Rc8 11. h3 Ne4 12. Nxe4 Bxe4 13. Nd2 f6 14. Nb3 g5 15.
Bh2 e5 16. f3 Bg6 17. Na5 Rc7 18. e4 Bg7 19. exd5 cxd5 20. b5 axb5 21. Bxb5 O-O
22. O-O Nb8 23. Rfe1 Re7 24. Rad1 Bf7 25. b4 Rc8 26. Re2 Nc6 27. Bxc6 bxc6 28.
Rde1 e4 29. Bd6 Ree8 30. fxe4 dxe4 31. Rxe4 Rxe4 32. Rxe4 f5 33. Re7 Bxd4+ 34.
Kh2 Bd5 35. Be5 Kf8 36. Bd6 Kg8 37. Be5 1/2-1/2

[Event "C.to Europeo U14"]
[Site "Kallithea GRE"]
[Date "2000.10.04"]
[Round "3"]
[White "Pulito, Alberto"]
[Black "Zavgorodniy, Sergiy"]
[Result "0-1"]
[WhiteElo "2086"]
[BlackElo "2289"]
[PlyCount "128"]
[EventDate "2000.10.02"]

1. e4 c5 2. c3 d5 3. exd5 Qxd5 4. d4 Nf6 5. Nf3 Bg4 6. Be2 e6 7. O-O Nc6 8. Be3
cxd4 9. cxd4 Be7 10. Nc3 Qd6 11. h3 Bh5 12. a3 O-O 13. Qb3 a6 14. Rfd1 Rfd8 15.
Qb6 Rd7 16. g4 Bg6 17. Ne5 Nxe5 18. dxe5 Qxe5 19. Rxd7 Nxd7 20. Qxb7 Rd8 21.
Bb6 Qb8 22. Qxb8 Rxb8 23. Be3 Rxb2 24. Rd1 Nf8 25. Bxa6 Bxa3 26. Ne2 Rb1 27.
Rxb1 Bxb1 28. f4 Nd7 29. Ng3 Nf6 30. Bb7 Ba2 31. Ne4 Nxe4 32. Bxe4 Bd5 33. Bd3
Bd6 34. Kf2 h6 35. Bc2 Kf8 36. h4 Be7 37. Kg3 g6 38. Bd1 Be4 39. Bd4 Bd6 40.
Be5 Bxe5 41. fxe5 g5 42. hxg5 hxg5 43. Kf2 Bd5 44. Ke3 Ke7 45. Kd4 f6 46. Be2
Bb3 47. Bf3 f5 48. gxf5 exf5 49. Bb7 Bc2 50. Bd5 f4 51. e6 Kf6 52. e7 Bg6 53.
Be4 Be8 54. Bd3 Bd7 55. Ke4 Kxe7 56. Ke5 Kf7 57. Be4 Bg4 58. Bd3 Kg7 59. Bb5
Kh6 60. Be8 f3 61. Ke4 f2 62. Bb5 Bh3 63. Ke3 f1=Q 64. Bxf1 Bxf1 0-1